[Event "FBL 1"]
[Site "?"]
[Date "2018.10.28"]
[Round "2.1"]
[White "Schleining, Zoya"]
[Black "Padmini, Rout"]
[Result "1/2-1/2"]
[WhiteElo "2370"]
[BlackElo "2338"]
[PlyCount "87"]
[EventDate "2018.10.27"]
[EventType "team-tourn"]
[EventCountry "GER"]
[WhiteTeam "Deizisau SF"]
[BlackTeam "Hamburger SK"]
[WhiteTeamCountry "GER"]
[BlackTeamCountry "GER"]

1. Nf3 c5 2. e3 g6 3. d4 Bg7 4. Bd3 Nf6 5. Nbd2 d6 6. O-O O-O 7. c3 Nc6 8. dxc5
dxc5 9. Qc2 b6 10. e4 Bb7 11. Re1 Qc7 12. Bf1 Rad8 13. a4 Rd7 14. Nc4 Ng4 15.
Bg5 Nce5 16. Ncxe5 Nxe5 17. Nxe5 Bxe5 18. Bb5 Rdd8 19. Bh6 Bg7 20. Be3 a6 21.
Bc4 Rd7 22. Rad1 Rfd8 23. Rxd7 Rxd7 24. Qe2 a5 25. f3 Bc6 26. Bb5 h5 27. Bxc6
Qxc6 28. Qc4 Qd6 29. f4 e6 30. g3 Qc7 31. Kf2 Qd8 32. Ke2 Rd6 33. Rc1 Qd7 34.
Qb5 Qb7 35. Qc4 f5 36. Rd1 Qd7 37. Rxd6 Qxd6 38. Qd3 Qc6 39. exf5 gxf5 40. Qb5
Qg2+ 41. Bf2 Qe4+ 42. Be3 Qg2+ 43. Bf2 Qe4+ 44. Be3 1/2-1/2

[Event "FBL 1"]
[Site "?"]
[Date "2018.10.28"]
[Round "2.2"]
[White "Hoolt, Sarah"]
[Black "Klek, Hanna Marie"]
[Result "1/2-1/2"]
[WhiteElo "2355"]
[BlackElo "2278"]
[PlyCount "55"]
[EventDate "2018.10.27"]
[EventType "team-tourn"]
[EventCountry "GER"]
[WhiteTeam "Hamburger SK"]
[BlackTeam "Deizisau SF"]
[WhiteTeamCountry "GER"]
[BlackTeamCountry "GER"]

1. e4 e5 2. Nf3 Nc6 3. Bb5 a6 4. Ba4 Nf6 5. d3 d6 6. c4 g6 7. Nc3 Bg7 8. d4 O-O
9. Bxc6 exd4 10. Nxd4 bxc6 11. O-O Qd7 12. f3 Rb8 13. b3 Re8 14. Bg5 h6 15. Bh4
Nh5 16. Qd2 Kh7 17. Rad1 Bb7 18. Bf2 Qe7 19. Nde2 Rbd8 20. Rfe1 Qg5 21. Be3 Qh4
22. Bf2 Qg5 23. Na4 c5 24. Nac3 Be5 25. Qxg5 hxg5 26. h3 Nf4 27. Be3 Ne6 28.
Rd3 1/2-1/2

[Event "FBL 1"]
[Site "?"]
[Date "2018.10.28"]
[Round "2.3"]
[White "Koepke, Elena"]
[Black "Osmanodja, Filiz"]
[Result "1/2-1/2"]
[WhiteElo "2271"]
[BlackElo "2348"]
[PlyCount "91"]
[EventDate "2018.10.27"]
[EventType "team-tourn"]
[EventCountry "GER"]
[WhiteTeam "Deizisau SF"]
[BlackTeam "Hamburger SK"]
[WhiteTeamCountry "GER"]
[BlackTeamCountry "GER"]

1. e4 e5 2. Nf3 Nc6 3. Bb5 a6 4. Ba4 d6 5. c3 f5 6. exf5 Bxf5 7. d4 e4 8. Ng5
d5 9. Nh3 Nf6 10. Nf4 Bg4 11. Qc2 Qd6 12. Be3 Be7 13. h3 Bd7 14. Nd2 g5 15. Ne2
Nh5 16. g3 Ng7 17. Nf1 Nf5 18. Qd2 h6 19. Ng1 b5 20. Bd1 b4 21. Bh5+ Kd8 22.
Bg4 bxc3 23. Qxc3 Qf6 24. a3 Ncxd4 25. O-O-O c5 26. Bxf5 Qxf5 27. Bxd4 cxd4 28.
Qxd4 Rc8+ 29. Kb1 Rf8 30. Ne3 Qe6 31. Nxd5 Bc5 32. Qg7 Rxf2 33. Nc3 Rb8 34.
Qh8+ Bf8 35. Nge2 Ke8 36. Qd4 e3 37. Nd5 Qf5+ 38. Ka1 Rxe2 39. Nxe3 Bxa3 40.
Qh8+ Qf8 41. Qe5+ Kf7 42. Rxd7+ Kg6 43. Qe4+ Kh5 44. Qg4+ Kg6 45. Qe4+ Kh5 46.
Qg4+ 1/2-1/2

[Event "FBL 1"]
[Site "?"]
[Date "2018.10.28"]
[Round "2.4"]
[White "Fuchs, Judith"]
[Black "Misanovic, Vesna"]
[Result "1-0"]
[WhiteElo "2274"]
[BlackElo "2273"]
[PlyCount "85"]
[EventDate "2018.10.27"]
[EventType "team-tourn"]
[EventCountry "GER"]
[WhiteTeam "Hamburger SK"]
[BlackTeam "Deizisau SF"]
[WhiteTeamCountry "GER"]
[BlackTeamCountry "GER"]

1. d4 Nf6 2. Bf4 g6 3. Nc3 d5 4. Qd2 Bg7 5. Bh6 O-O 6. Bxg7 Kxg7 7. O-O-O Bd7
8. f3 b5 9. e4 dxe4 10. fxe4 b4 11. e5 bxc3 12. exf6+ exf6 13. Qxc3 Nc6 14. Nf3
Re8 15. Bc4 Rb8 16. Rhe1 Rb6 17. h3 h5 18. Bb3 Rxe1 19. Rxe1 Ne7 20. Qa5 Bc6
21. Qxa7 Bxf3 22. gxf3 Nf5 23. c3 Qd6 24. Kb1 Qg3 25. Rc1 Nh4 26. Bd5 Nxf3 27.
Bxf3 Qxf3 28. Qxc7 Qd3+ 29. Ka1 Re6 30. Qf4 Re4 31. Qf1 Re2 32. d5 Qd2 33. Rb1
Re5 34. c4 g5 35. Qd1 Qxd1 36. Rxd1 Kf8 37. c5 Ke7 38. d6+ Kd7 39. c6+ Kd8 40.
b4 Re4 41. c7+ Kd7 42. Rc1 Re8 43. b5 1-0

[Event "FBL 1"]
[Site "?"]
[Date "2018.10.28"]
[Round "2.5"]
[White "Jelica, Mara"]
[Black "Baciu, Diana"]
[Result "0-1"]
[WhiteElo "2162"]
[BlackElo "2266"]
[PlyCount "44"]
[EventDate "2018.10.27"]
[EventType "team-tourn"]
[EventCountry "GER"]
[WhiteTeam "Deizisau SF"]
[BlackTeam "Hamburger SK"]
[WhiteTeamCountry "GER"]
[BlackTeamCountry "GER"]

1. e4 e6 2. d4 d5 3. Nc3 Bb4 4. e5 c5 5. a3 Bxc3+ 6. bxc3 Ne7 7. Qg4 Qc7 8.
Qxg7 Rg8 9. Qxh7 cxd4 10. Ne2 dxc3 11. f4 Nbc6 12. Qd3 d4 13. Nxd4 Nxd4 14.
Qxd4 Bd7 15. a4 Nf5 16. Qd3 O-O-O 17. Ra3 Bc6 18. Qxc3 Nh4 19. Bb5 Nxg2+ 20.
Kf2 Qb6+ 21. Kf1 Rd1+ 22. Ke2 Rxh1 0-1

[Event "FBL 1"]
[Site "?"]
[Date "2018.10.28"]
[Round "2.1"]
[White "Melamed, Tatjana"]
[Black "Schmidt, Jessica"]
[Result "1-0"]
[WhiteElo "2381"]
[BlackElo "2278"]
[PlyCount "53"]
[EventDate "2018.10.27"]
[EventType "team-tourn"]
[EventCountry "GER"]
[WhiteTeam "Koenigshofen SC"]
[BlackTeam "Karlsruher SF"]
[WhiteTeamCountry "GER"]
[BlackTeamCountry "GER"]

1. e4 e5 2. Nf3 d6 3. d4 Nd7 4. Bc4 c6 5. Nc3 Be7 6. dxe5 dxe5 7. Ng5 Bxg5 8.
Qh5 g6 9. Qxg5 Qxg5 10. Bxg5 h6 11. Be3 Ngf6 12. f3 Nf8 13. a4 Be6 14. Be2 a5
15. O-O N8d7 16. Rab1 g5 17. b4 b6 18. bxa5 bxa5 19. Rb7 O-O 20. Rfb1 Rfc8 21.
Kf2 Ne8 22. Rd1 Rc7 23. Rxc7 Nxc7 24. Rd6 Na6 25. Bxa6 Rxa6 26. Nd5 Ra8 27. Nc7
1-0

[Event "FBL 1"]
[Site "?"]
[Date "2018.10.28"]
[Round "2.2"]
[White "Kiefhaber, Veronika"]
[Black "Schoene, Maria"]
[Result "0-1"]
[WhiteElo "2171"]
[BlackElo "2163"]
[PlyCount "92"]
[EventDate "2018.10.27"]
[EventType "team-tourn"]
[EventCountry "GER"]
[WhiteTeam "Karlsruher SF"]
[BlackTeam "Koenigshofen SC"]
[WhiteTeamCountry "GER"]
[BlackTeamCountry "GER"]

1. e4 d6 2. d4 Nf6 3. Nc3 g6 4. h3 Bg7 5. Be3 O-O 6. Nf3 a6 7. a4 b6 8. Bc4 e6
9. O-O Bb7 10. d5 e5 11. Re1 h6 12. Bf1 Ne8 13. Nd2 f5 14. exf5 gxf5 15. f4 Nd7
16. Nf3 Kh8 17. Qd2 Qf6 18. Rad1 Rg8 19. Kh1 Kh7 20. Qf2 Qf7 21. Ng1 e4 22. Bc4
Bxc3 23. bxc3 Nef6 24. Qd2 a5 25. Bb3 Nc5 26. c4 Rg7 27. Ne2 Rag8 28. Nd4 Bc8
29. Qe2 Nh5 30. Kh2 Rxg2+ 31. Qxg2 Rxg2+ 32. Kxg2 Qg6+ 33. Kf1 Qg3 34. Rd2 Nxf4
35. Bxf4 Qxf4+ 36. Rf2 Qe5 37. Ne2 Bd7 38. Nf4 Bxa4 39. Bxa4 Nxa4 40. Re3 Nc5
41. Kg1 a4 42. Rg3 a3 43. Rxa3 e3 44. Rg2 Qxf4 45. Ra7 Na6 46. Rxa6 Qxc4 0-1

[Event "FBL 1"]
[Site "?"]
[Date "2018.10.28"]
[Round "2.3"]
[White "Belenkaya, Dina"]
[Black "Rubina, Tatiana"]
[Result "1-0"]
[WhiteElo "2329"]
[BlackElo "2015"]
[PlyCount "47"]
[EventDate "2018.10.27"]
[EventType "team-tourn"]
[EventCountry "GER"]
[WhiteTeam "Koenigshofen SC"]
[BlackTeam "Karlsruher SF"]
[WhiteTeamCountry "GER"]
[BlackTeamCountry "GER"]

1. e4 c5 2. Nf3 d6 3. Bb5+ Nc6 4. O-O Nf6 5. Re1 Bd7 6. c3 e6 7. d4 cxd4 8.
cxd4 d5 9. e5 Ne4 10. Nc3 Nxc3 11. bxc3 Nxe5 12. Nxe5 Bxb5 13. Qg4 Rc8 14. Nxf7
Qd7 15. Nxh8 Rc6 16. Re3 g6 17. Rf3 Qg7 18. Qf4 Rc7 19. h4 Ba4 20. h5 Bc2 21.
h6 Qe7 22. Ba3 Bxh6 23. Qh2 Qxa3 24. Qxc7 1-0

[Event "FBL 1"]
[Site "?"]
[Date "2018.10.28"]
[Round "2.4"]
[White "Scheynin, Julia"]
[Black "Gvanceladze, Anna"]
[Result "0-1"]
[WhiteElo "2007"]
[BlackElo "2257"]
[PlyCount "120"]
[EventDate "2018.10.27"]
[EventType "team-tourn"]
[EventCountry "GER"]
[WhiteTeam "Karlsruher SF"]
[BlackTeam "Koenigshofen SC"]
[WhiteTeamCountry "GER"]
[BlackTeamCountry "GER"]

1. e4 c6 2. d3 d5 3. Nd2 e5 4. Ngf3 Bd6 5. g3 Nd7 6. Bg2 Ngf6 7. O-O O-O 8. Re1
Re8 9. c3 a5 10. Qc2 b6 11. Rd1 Bb7 12. Nf1 Qe7 13. Nh4 Rad8 14. c4 Bc5 15. Be3
dxe4 16. dxe4 Bxe3 17. Nxe3 Nc5 18. Rxd8 Rxd8 19. Rd1 Rxd1+ 20. Nxd1 Qd6 21.
Nf5 Qd3 22. Qxd3 Nxd3 23. Bf1 Nc5 24. f3 g6 25. Nfe3 Kf8 26. Kf2 Ke7 27. Nc2
Kd6 28. Nc3 Bc8 29. Ke3 Ne8 30. Ne1 Be6 31. f4 f6 32. b3 Nc7 33. Nf3 N7a6 34.
Nd2 Nb4 35. Nf3 Nc2+ 36. Kd2 Nb4 37. fxe5+ fxe5 38. Ne1 a4 39. bxa4 Nb7 40. a3
Na6 41. Nf3 Na5 42. Ke1 Nc5 43. Ng5 Bg8 44. Be2 Ne6 45. Nxe6 Bxe6 46. Bd1 Bxc4
47. h4 Kc5 48. Bc2 Kd4 49. Nb1 Bd3 50. Nd2 h5 51. Nf3+ Kxe4 52. Bxd3+ Kxf3 53.
Bxg6 Kxg3 54. Bxh5 Kxh4 55. Be2 Kg3 56. Kd2 Kf4 57. Bf1 Ke4 58. Bg2+ Kd4 59.
Ke2 e4 60. Kd2 Nc4+ 0-1

[Event "FBL 1"]
[Site "?"]
[Date "2018.10.28"]
[Round "2.5"]
[White "Gromova, Iulia"]
[Black "Basovskiy, Jana"]
[Result "1-0"]
[WhiteElo "2237"]
[BlackElo "1772"]
[PlyCount "65"]
[EventDate "2018.10.27"]
[EventType "team-tourn"]
[EventCountry "GER"]
[WhiteTeam "Koenigshofen SC"]
[BlackTeam "Karlsruher SF"]
[WhiteTeamCountry "GER"]
[BlackTeamCountry "GER"]

1. d4 Nf6 2. c4 e6 3. Nf3 b6 4. g3 Bb7 5. Bg2 Be7 6. O-O O-O 7. Nbd2 c5 8. e3
d6 9. b3 Nbd7 10. Bb2 Rc8 11. Qe2 cxd4 12. exd4 d5 13. Rac1 Re8 14. Rfd1 Bd6
15. Ne5 Qe7 16. Ndf3 Ne4 17. Rc2 Ndf6 18. Ne1 h6 19. f3 Ng5 20. N1d3 Rc7 21.
Qe3 Rec8 22. c5 bxc5 23. dxc5 Bxe5 24. Nxe5 Qe8 25. Bf1 a6 26. Bd4 Ngh7 27. c6
Ba8 28. Bxa6 Rb8 29. Bb6 Rxc6 30. Nxc6 Bxc6 31. Rdc1 Bd7 32. Bc7 Rb4 33. Qc5
1-0

[Event "FBL 1"]
[Site "?"]
[Date "2018.10.28"]
[Round "2.6"]
[White "Mangei, Jasmin"]
[Black "Frey, Alisa"]
[Result "1/2-1/2"]
[WhiteElo "1867"]
[BlackElo "2090"]
[PlyCount "144"]
[EventDate "2018.10.27"]
[EventType "team-tourn"]
[EventCountry "GER"]
[WhiteTeam "Karlsruher SF"]
[BlackTeam "Koenigshofen SC"]
[WhiteTeamCountry "GER"]
[BlackTeamCountry "GER"]

1. e4 c5 2. Nf3 Nc6 3. Bb5 d6 4. Bxc6+ bxc6 5. O-O Bg4 6. d3 e5 7. h3 Bh5 8.
Nbd2 Be7 9. Re1 Bg5 10. Nf1 Bxc1 11. Rxc1 Ne7 12. Ng3 Bg6 13. Nh4 O-O 14. Qg4
Qc8 15. Nhf5 Bxf5 16. exf5 f6 17. f4 Rb8 18. b3 Rf7 19. fxe5 fxe5 20. Rf1 Qd7
21. Rf3 Nd5 22. Nh5 Rbf8 23. Rcf1 Nf6 24. Nxf6+ Rxf6 25. Qe4 Re8 26. Qc4+ Qf7
27. Qxf7+ Rxf7 28. g4 e4 29. Re3 d5 30. dxe4 Re5 31. Rfe1 Rfe7 32. Kf2 dxe4 33.
Kg3 g5 34. c4 Kf7 35. Rd1 Ke8 36. Rd6 Rd7 37. Rxd7 Kxd7 38. h4 h6 39. hxg5 hxg5
40. Kf2 Re8 41. Rh3 a5 42. Rh5 Kd6 43. Rxg5 Ke5 44. Ke3 Rh8 45. Rh5 Rg8 46. f6+
Kxf6 47. Rxc5 Rxg4 48. Rxa5 Ke6 49. b4 Kd6 50. a4 Kc7 51. Re5 Rg1 52. Kxe4 Rb1
53. b5 cxb5 54. axb5 Rd1 55. Rd5 Rc1 56. Kd4 Kb6 57. Rd6+ Kc7 58. Rc6+ Kb7 59.
Kc5 Rh1 60. Rg6 Rh7 61. Kb4 Rh4 62. Re6 Rg4 63. Kc5 Rg5+ 64. Kd6 Kb6 65. Kd7+
Kb7 66. Kd6 Kb6 67. Re5 Rg1 68. c5+ Kxb5 69. c6+ Kb6 70. c7 Rd1+ 71. Rd5 Rxd5+
72. Kxd5 Kxc7 1/2-1/2

[Event "FBL 1"]
[Site "?"]
[Date "2018.10.28"]
[Round "2.1"]
[White "Sieber, Fiona"]
[Black "Bodnaruk, Anastasia"]
[Result "1-0"]
[WhiteElo "2246"]
[BlackElo "2423"]
[PlyCount "67"]
[EventDate "2018.10.27"]
[EventType "team-tourn"]
[EventCountry "GER"]
[WhiteTeam "Lehrte SK"]
[BlackTeam "Rodewischer Schachmiezen"]
[WhiteTeamCountry "GER"]
[BlackTeamCountry "GER"]

1. e4 d6 2. d4 g6 3. Nc3 Bg7 4. Be3 a6 5. h4 h5 6. Nh3 Bxh3 7. Rxh3 Nd7 8. g4
hxg4 9. Qxg4 Ngf6 10. Qg2 e5 11. O-O-O Nh5 12. Bg5 Bh6 13. Kb1 Bxg5 14. hxg5
Rg8 15. dxe5 Nxe5 16. Rh4 c6 17. f4 Nd7 18. Rxd6 Qb6 19. Qd2 Rd8 20. Rxh5 gxh5
21. Nd5 Qg1 22. Nf6+ Kf8 23. Qd1 Rh8 24. Nxd7+ Ke7 25. Bh3 Qe3 26. Bf5 Qxf4 27.
Rf6 h4 28. e5 Ke8 29. e6 Qe5 30. exf7+ Ke7 31. f8=Q+ Rhxf8 32. Rxf8 Rxd7 33.
Qxd7+ Kxf8 34. a3 1-0

[Event "FBL 1"]
[Site "?"]
[Date "2018.10.28"]
[Round "2.2"]
[White "Theissl Pokorna, Regina"]
[Black "Hapala, Elisabeth"]
[Result "1/2-1/2"]
[WhiteElo "2306"]
[BlackElo "2145"]
[PlyCount "147"]
[EventDate "2018.10.27"]
[EventType "team-tourn"]
[EventCountry "GER"]
[WhiteTeam "Rodewischer Schachmiezen"]
[BlackTeam "Lehrte SK"]
[WhiteTeamCountry "GER"]
[BlackTeamCountry "GER"]

1. Nf3 Nf6 2. g3 b5 3. Bg2 Bb7 4. O-O e6 5. b3 Be7 6. Bb2 O-O 7. d3 c5 8. Nbd2
d6 9. e4 Nbd7 10. Re1 Qb6 11. a4 a6 12. h3 Rfd8 13. Qe2 Rac8 14. Bc3 b4 15. Nc4
Qc7 16. Bb2 Ne8 17. a5 Bf6 18. Bxf6 Nexf6 19. e5 dxe5 20. Nfxe5 Bxg2 21. Kxg2
Nxe5 22. Qxe5 Qc6+ 23. Kg1 Rd5 24. Qe2 Rcd8 25. Qf3 Qc7 26. Re2 Rf5 27. Qg2 Nd5
28. Rae1 Rg5 29. Re5 Rxe5 30. Rxe5 Nc3 31. Qf3 h6 32. Qe3 Nd5 33. Qe4 Nc3 34.
Qe3 Nd5 35. Qe4 Nc3 36. Qf4 Rd4 37. Qf3 Rxc4 38. Qa8+ Kh7 39. Qxa6 Qxe5 40.
Qxc4 Qe1+ 41. Kg2 Qe5 42. a6 Qd5+ 43. Qxd5 Nxd5 44. a7 Nb6 45. Kf3 Kg6 46. Ke4
Kf6 47. d4 cxd4 48. Kxd4 Ke7 49. Kc5 Na8 50. Kxb4 Kd6 51. Kb5 Kc7 52. c4 Kb7
53. Kc5 Kc7 54. Kb5 f6 55. b4 h5 56. Ka6 g5 57. Kb5 h4 58. gxh4 gxh4 59. Kc5
Nb6 60. Kb5 Kb7 61. Kc5 Nc8 62. a8=Q+ Kxa8 63. Kc6 Kb8 64. Kd7 e5 65. c5 Na7
66. Ke6 Nc6 67. b5 Nb4 68. Kxf6 Nd3 69. Kg5 Nxf2 70. Kxh4 e4 71. Kg3 e3 72. Kf3
Nxh3 73. Kxe3 Nf2 74. Kf3 1/2-1/2

[Event "FBL 1"]
[Site "?"]
[Date "2018.10.28"]
[Round "2.3"]
[White "Duessler, Stefanie"]
[Black "Korenova, Martina"]
[Result "0-1"]
[WhiteElo "2115"]
[BlackElo "2144"]
[PlyCount "64"]
[EventDate "2018.10.27"]
[EventType "team-tourn"]
[EventCountry "GER"]
[WhiteTeam "Lehrte SK"]
[BlackTeam "Rodewischer Schachmiezen"]
[WhiteTeamCountry "GER"]
[BlackTeamCountry "GER"]

1. e4 d6 2. d4 Nf6 3. Nc3 Nbd7 4. Be3 e5 5. h3 Be7 6. Qd2 c6 7. dxe5 dxe5 8.
O-O-O O-O 9. g4 Qa5 10. g5 Nh5 11. Nge2 b5 12. a3 Nb6 13. Nb1 b4 14. b3 Be6 15.
Kb2 Rfd8 16. Qe1 bxa3+ 17. Ka2 Bb4 18. Bd2 c5 19. Nc1 Na4 20. c3 Rxd2+ 21. Qxd2
Nxc3+ 22. Nxc3 Bxc3 23. Qc2 Rb8 24. Rd3 Bd4 25. Rd1 Rb4 26. Rd3 c4 27. Rf3 Nf4
28. Be2 Qb6 29. Bd1 a5 30. Kxa3 a4 31. bxa4 Rxa4+ 32. Kxa4 Bd7+ 0-1

[Event "FBL 1"]
[Site "?"]
[Date "2018.10.28"]
[Round "2.4"]
[White "Miturova, Magdalena"]
[Black "Boehm, Jana"]
[Result "1-0"]
[WhiteElo "2199"]
[BlackElo "2001"]
[PlyCount "131"]
[EventDate "2018.10.27"]
[EventType "team-tourn"]
[EventCountry "GER"]
[WhiteTeam "Rodewischer Schachmiezen"]
[BlackTeam "Lehrte SK"]
[WhiteTeamCountry "GER"]
[BlackTeamCountry "GER"]

1. e4 e6 2. d4 d5 3. exd5 exd5 4. Nf3 Bd6 5. c4 c6 6. Nc3 Ne7 7. Bd3 dxc4 8.
Bxc4 O-O 9. O-O Bg4 10. Bg5 h6 11. Bh4 Qc7 12. h3 Bh5 13. g4 Bg6 14. Ne5 Kh8
15. Bxe7 Qxe7 16. Re1 Bxe5 17. dxe5 Nd7 18. Qd6 Rfe8 19. Qxe7 Rxe7 20. f4 Rae8
21. Kf2 Bh7 22. h4 Nc5 23. Rad1 f6 24. b4 Nd7 25. exf6 Nxf6 26. Rxe7 Rxe7 27.
Kf3 Bg8 28. Rd8 Kh7 29. Bxg8+ Nxg8 30. g5 hxg5 31. hxg5 g6 32. Ne4 Kg7 33. Nd6
b6 34. f5 Re1 35. f6+ Nxf6 36. gxf6+ Kxf6 37. Rf8+ Kg5 38. Ne4+ Kh6 39. Rh8+
Kg7 40. Ra8 a5 41. bxa5 bxa5 42. Rxa5 Kf7 43. a4 Ke6 44. Rg5 Ra1 45. a5 Ra3+
46. Kf4 Ke7 47. Rc5 Ra1 48. Ke5 Kd7 49. Nd2 Kc7 50. Kd4 Kb7 51. Nb3 Ra4+ 52.
Kc3 Rh4 53. Rg5 Rh3+ 54. Kb4 Rh4+ 55. Ka3 Rh6 56. Rg4 Ka6 57. Kb4 Ka7 58. Rf4
g5 59. Rf7+ Ka8 60. Rg7 Rh4+ 61. Kc5 Rh3 62. Nd4 Rh1 63. Nxc6 Rc1+ 64. Kb6 Rb1+
65. Ka6 g4 66. Ra7# 1-0

[Event "FBL 1"]
[Site "?"]
[Date "2018.10.28"]
[Round "2.5"]
[White "Manusina, Nicole"]
[Black "Kubikova, Alena"]
[Result "1-0"]
[WhiteElo "1948"]
[BlackElo "2107"]
[PlyCount "71"]
[EventDate "2018.10.27"]
[EventType "team-tourn"]
[EventCountry "GER"]
[WhiteTeam "Lehrte SK"]
[BlackTeam "Rodewischer Schachmiezen"]
[WhiteTeamCountry "GER"]
[BlackTeamCountry "GER"]

1. d4 g6 2. c4 Bg7 3. Nc3 d6 4. e4 c6 5. Be3 Nf6 6. f3 Nbd7 7. Qd2 a6 8. Nge2
Qc7 9. Bh6 O-O 10. Bxg7 Kxg7 11. g4 e5 12. h4 exd4 13. Nxd4 Ne5 14. Be2 b5 15.
cxb5 axb5 16. h5 b4 17. Nd1 d5 18. Ne3 Kg8 19. Nef5 Ne8 20. Nh6+ Kh8 21. f4 Nc4
22. Bxc4 dxc4 23. Nf3 Qd6 24. Qe3 Qd3 25. Qxd3 cxd3 26. Ne5 Kg7 27. g5 f6 28.
Nxd3 fxg5 29. fxg5 Nd6 30. hxg6 hxg6 31. Rh4 Ba6 32. O-O-O c5 33. Nf4 Rxf4 34.
Rxf4 Rd8 35. Rf6 Nxe4 36. Rf7+ 1-0

[Event "FBL 1"]
[Site "?"]
[Date "2018.10.28"]
[Round "2.6"]
[White "Kubikova, Hana"]
[Black "Zschischang, Marine"]
[Result "1-0"]
[WhiteElo "2048"]
[BlackElo "2072"]
[PlyCount "79"]
[EventDate "2018.10.27"]
[EventType "team-tourn"]
[EventCountry "GER"]
[WhiteTeam "Rodewischer Schachmiezen"]
[BlackTeam "Lehrte SK"]
[WhiteTeamCountry "GER"]
[BlackTeamCountry "GER"]

1. d4 d5 2. Nf3 e6 3. c4 c6 4. e3 Bd6 5. Nc3 f5 6. Be2 Nf6 7. O-O Nbd7 8. b3
Ne4 9. Bb2 Qf6 10. Ne1 Qh6 11. f4 g5 12. Nxe4 fxe4 13. g3 gxf4 14. Bh5+ Ke7 15.
exf4 Nf6 16. Be2 Bd7 17. Ng2 Rag8 18. a4 Kd8 19. c5 Bc7 20. b4 Qg7 21. Ra3 h5
22. Nh4 Kc8 23. b5 Bd8 24. bxc6 Bxc6 25. f5 exf5 26. Nxf5 Qd7 27. Bc1 Bc7 28.
Bf4 Qxf5 29. Bxc7 Qe6 30. Be5 Rg6 31. Qd2 h4 32. Qa5 Rh7 33. Qxa7 hxg3 34. Rxg3
Ne8 35. Qb8+ Kd7 36. Rf8 Rxg3+ 37. Bxg3 Rf7 38. Rxe8 Qxe8 39. Qd6+ Kc8 40. Bg4+
1-0

[Event "FBL 1"]
[Site "?"]
[Date "2018.10.28"]
[Round "2.1"]
[White "Vega Gutierrez, Sabrina"]
[Black "Endress, Anna"]
[Result "1-0"]
[WhiteElo "2404"]
[BlackElo "2127"]
[PlyCount "57"]
[EventDate "2018.10.27"]
[EventType "team-tourn"]
[EventCountry "GER"]
[WhiteTeam "Schwaebisch Hall SK"]
[BlackTeam "Norderstedt TuRa Harksheide"]
[WhiteTeamCountry "GER"]
[BlackTeamCountry "GER"]

1. d4 d5 2. c4 e6 3. Nf3 c6 4. e3 Nf6 5. Nbd2 Be7 6. b3 O-O 7. Bd3 b6 8. O-O
Bb7 9. Bb2 c5 10. Qe2 Nbd7 11. Rad1 Qc7 12. Ne5 Rac8 13. f4 Rfd8 14. cxd5 exd5
15. Bf5 Ra8 16. Ndf3 h6 17. g4 Nxe5 18. dxe5 Ne4 19. e6 f6 20. Qg2 c4 21. Bd4
Bc8 22. g5 fxg5 23. fxg5 Bxg5 24. Bxe4 dxe4 25. Nxg5 hxg5 26. Rf7 Rxd4 27. Rxd4
Qe5 28. Rd8+ Kh7 29. e7 1-0

[Event "FBL 1"]
[Site "?"]
[Date "2018.10.28"]
[Round "2.2"]
[White "Gosciniak, Maria"]
[Black "Milliet, Sophie"]
[Result "1-0"]
[WhiteElo "2070"]
[BlackElo "2389"]
[PlyCount "87"]
[EventDate "2018.10.27"]
[EventType "team-tourn"]
[EventCountry "GER"]
[WhiteTeam "Norderstedt TuRa Harksheide"]
[BlackTeam "Schwaebisch Hall SK"]
[WhiteTeamCountry "GER"]
[BlackTeamCountry "GER"]

1. c4 Nf6 2. g3 g6 3. Bg2 Bg7 4. Nc3 O-O 5. e3 d6 6. Nge2 e5 7. O-O Re8 8. d4
e4 9. Qc2 Bf5 10. a3 h5 11. h4 Nbd7 12. b4 c6 13. Nf4 Nf8 14. Rb1 Qc8 15. Bb2
Ne6 16. Nce2 Nc7 17. d5 cxd5 18. Bxf6 Bxf6 19. cxd5 Nb5 20. Qb3 Nc3 21. Rbc1
Nxe2+ 22. Nxe2 Qd7 23. Rc4 Rac8 24. Rfc1 Be5 25. Bxe4 Bxe4 26. Rxe4 Rxc1+ 27.
Nxc1 Qf5 28. Rc4 b5 29. Rc2 Qf3 30. Ne2 g5 31. hxg5 h4 32. gxh4 Qg4+ 33. Kf1
Qh3+ 34. Ke1 Qxh4 35. Qd3 a6 36. Qf5 Qh1+ 37. Kd2 Qxd5+ 38. Nd4 Kg7 39. Qf3
Qxf3 40. Nxf3 a5 41. Nxe5 Rxe5 42. bxa5 Rxg5 43. a6 Kf6 44. Rc8 1-0

[Event "FBL 1"]
[Site "?"]
[Date "2018.10.28"]
[Round "2.3"]
[White "Ambartsumova, Karina"]
[Black "Brandt, Carina"]
[Result "1-0"]
[WhiteElo "2379"]
[BlackElo "2087"]
[PlyCount "93"]
[EventDate "2018.10.27"]
[EventType "team-tourn"]
[EventCountry "GER"]
[WhiteTeam "Schwaebisch Hall SK"]
[BlackTeam "Norderstedt TuRa Harksheide"]
[WhiteTeamCountry "GER"]
[BlackTeamCountry "GER"]

1. c4 Nf6 2. Nc3 g6 3. g3 Bg7 4. Bg2 O-O 5. d4 d6 6. Nf3 Nc6 7. O-O e5 8. dxe5
Nxe5 9. Nxe5 dxe5 10. Bg5 Qxd1 11. Raxd1 c6 12. b3 Re8 13. h3 Be6 14. Na4 Nd7
15. Rd2 Bf8 16. Be3 Bb4 17. Rdd1 f6 18. Kh2 Kf7 19. Ra1 Bf8 20. Rfd1 a5 21. Rd3
Bf5 22. Rd2 Bb4 23. Rdd1 Be7 24. g4 Be6 25. Bf3 Ra6 26. Rac1 f5 27. gxf5 Bxf5
28. c5 Nf6 29. Nb6 Be6 30. Nc4 e4 31. Bg2 Bd5 32. Bd4 Nd7 33. Ne3 Bg5 34. Rc3
Bf4+ 35. Kg1 a4 36. Nxd5 cxd5 37. e3 Bc7 38. Bf1 Raa8 39. Bb5 Re7 40. c6 bxc6
41. Bxc6 Ne5 42. Bxd5+ Ke8 43. Bxa8 Nf3+ 44. Kf1 h5 45. Bc6+ Kf7 46. Bd5+ Ke8
47. Bf6 1-0

[Event "FBL 1"]
[Site "?"]
[Date "2018.10.28"]
[Round "2.4"]
[White "Waechter, Nathalie"]
[Black "Videnova, Iva"]
[Result "1-0"]
[WhiteElo "1990"]
[BlackElo "2326"]
[PlyCount "97"]
[EventDate "2018.10.27"]
[EventType "team-tourn"]
[EventCountry "GER"]
[WhiteTeam "Norderstedt TuRa Harksheide"]
[BlackTeam "Schwaebisch Hall SK"]
[WhiteTeamCountry "GER"]
[BlackTeamCountry "GER"]

1. d4 Nf6 2. c4 g6 3. Nc3 d5 4. e3 Bg7 5. b4 c6 6. Bb2 a5 7. b5 O-O 8. Qb3 dxc4
9. Bxc4 cxb5 10. Bxb5 Be6 11. Qc2 Nc6 12. Bxc6 bxc6 13. Nge2 Nd5 14. Nxd5 cxd5
15. O-O Qd6 16. a4 Rfc8 17. Qd2 Rc4 18. Rfc1 Bd7 19. Rxc4 dxc4 20. Ba3 Qf6 21.
Bc5 Bf8 22. Qa2 Qa6 23. Rb1 Qc6 24. Nc3 Be6 25. Rb6 Qd7 26. Qb2 h5 27. Rb7 Qe8
28. Qb6 Bc8 29. Ra7 Bd7 30. Qxa5 Rb8 31. h3 Bc6 32. Bb6 e6 33. Bc5 Rb3 34. Bxf8
Qxf8 35. Nb5 Bxb5 36. axb5 Rb1+ 37. Kh2 Qd6+ 38. f4 Qd5 39. Qc7 e5 40. Qc8+ Kg7
41. Ra8 Qxa8 42. Qxa8 exd4 43. exd4 Rxb5 44. Qc6 Rf5 45. g3 g5 46. fxg5 Rxg5
47. d5 Rg6 48. Qxc4 Kf8 49. Qc7 1-0

[Event "FBL 1"]
[Site "?"]
[Date "2018.10.28"]
[Round "2.5"]
[White "Papp, Petra"]
[Black "Rosmait, Emily"]
[Result "1-0"]
[WhiteElo "2334"]
[BlackElo "1910"]
[PlyCount "45"]
[EventDate "2018.10.27"]
[EventType "team-tourn"]
[EventCountry "GER"]
[WhiteTeam "Schwaebisch Hall SK"]
[BlackTeam "Norderstedt TuRa Harksheide"]
[WhiteTeamCountry "GER"]
[BlackTeamCountry "GER"]

1. e4 e5 2. Nf3 Nc6 3. d4 exd4 4. Nxd4 Bc5 5. Nb3 Bb6 6. Nc3 d6 7. Qe2 Bd7 8.
Be3 Bxe3 9. Qxe3 Nf6 10. O-O-O Qe7 11. g3 O-O-O 12. h3 h5 13. Bg2 Rde8 14. Rhe1
Nh7 15. Nd5 Qf8 16. Nd4 Kb8 17. Nb5 Rc8 18. e5 a6 19. exd6 axb5 20. dxc7+ Rxc7
21. Qf4 Qd8 22. Nxc7 Qxc7 23. Rxd7 1-0